Music Quiz

Random Music or Artist Quiz

Compressed Songs Quiz Stats

Quiz Updated Jan 26, 2012

Also try: Condensed Movies
Challenge
Share
Tweet
Embed
Score 0/54 Timer 10:00
3 Plays Today
Condensed title 10-letter title (Artist) % Correct
possibImpossible (Shontelle)
80.4%
faithfUnfaithful (Rihanna)
78.8%
erywheEverywhere (Fleetwood Mac)
78.8%
vincibInvincible (Pat Benatar)
75.8%
erythiEverything (Jody Watley)
74.6%
llelujHallelujah (Jeff Buckley)
72.1%
volutiRevolution (The Beatles)
71.6%
ithfulFaithfully (Journey)
70.6%
compleIncomplete (Sisqo)
67.9%
nnonbaCannonball (The Breeders)
64.6%
eamlovDreamlover (Mariah Carey)
63%
terfalWaterfalls (TLC)
62%
perwomSuperwoman (Karyn White)
62%
yptoniKryptonite (3 Doors Down)
61.7%
otograPhotograph (Def Leppard)
61.6%
ginninBeginnings (Chicago)
61.2%
rsonalPersonally (Karla Bonoff)
60.9%
ldflowWildflower (Skylark)
56.8%
rlfrieGirlfriend (Avril Lavigne)
55.9%
aygrouPlayground (Another Bad Creation)
55.7%
eakdanBreakdance (Irene Cara)
53.9%
nderwaWonderwall (Oasis)
53.6%
llenniMillennium (Robbie Williams)
52.8%
n-ArouRun-Around (Blues Traveler)
52.3%
ssessiPossession (Sarah McLachlan)
51.2%
rderliBorderline (Madonna)
47.2%
etendiPretending (Eric Clapton)
44.7%
Condensed title 10-letter title (Artist) % Correct
ek-A-BPeek-A-Boo (Siouxsie & The Banshees)
44%
eetheaSweetheart (Franke & The Knockouts)
43.8%
undaboRoundabout (Yes)
43.7%
ndlebaHandlebars (Flobots)
40.3%
onshadMoonshadow (Cat Stevens)
38.3%
neytalMoneytalks (AC/DC)
34.5%
ysleepDaysleeper (R.E.M.)
34.1%
ghtshiNightshift (Commodores)
33.5%
artligHeartlight (Neil Diamond)
31.8%
raelitIsraelites (Desmond Dekker & the Aces)
31.6%
rnadetBernadette (Four Tops)
31%
adstroHeadstrong (Trapt)
27.9%
ombastBoombastic (Shaggy)
26.9%
dachroKodachrome (Paul Simon)
26.1%
ybelliMaybelline (Johnny Rivers)
25.3%
lf-BreHalf-Breed (Cher)
23.5%
veStonLoveStoned (Justin Timberlake)
20.7%
ppychiHippychick (Soho)
20.3%
nterfoCenterfold (J. Geils Band)
19.2%
velengWavelength (Van Morrison)
17%
instreMainstreet (Bob Seger)
12.9%
nkdafiFunkdafied (Da Brat)
11.1%
ta-SpaOuta-Space (Billy Preston)
9.7%
nderneTenderness (General Public)
8.4%
sideraDesiderata (Les Crane)
5.4%
iquitiChiquitita (ABBA)
3.8%
ranoimParanoimia (Art Of Noise)
3.6%

You're not logged in!

Compare scores with friends on all Sporcle quizzes.
Join for Free
OR
Log In

You Might Also Like...

Show Comments

Extras

Top Quizzes Today


Score Distribution

Your Account Isn't Verified!

In order to create a playlist on Sporcle, you need to verify the email address you used during registration. Go to your Sporcle Settings to finish the process.

Report this User

Report this user for behavior that violates our Community Guidelines.

Details: